Atmosféra prevažuje nad všetkým

Bibliographic Details
Main Author: Domček, Martin (Author)
Format: Article
Language:Slovak
ISSN:1210-1982
Subjects:

MARC

LEADER 00000nab a2200000 a 4500
001 vtls000646292
003 SK-MaSNL
005 20260304000532.0
008 160314c1997 xo 0 slo
015 |a SNBRB19rr/mm-uuuuu 
035 |a CL0646431 
040 |a SNKBUCL  |b slo  |c SNKBUCL  |e AACR2 
041 0 |a slo 
044 |a xo  |c SK 
080 |a 82.0:82-1/-9(048)  |2 1981 
100 1 |a Domček, Martin  |4 aut  |9 838726 
245 1 0 |a Atmosféra prevažuje nad všetkým  |c Martin Domček 
650 0 7 |a umelecká literatúra  |2 snkbucl  |9 1488 
650 0 7 |a horor (literatúra)  |2 snkbucl  |9 92383 
650 0 7 |a štúdie  |2 snkbucl  |9 92810 
655 7 |a recenzie  |2 snkbucl  |9 21907 
773 0 |t Knižná revue  |g Roč. 7, č. 25-26 (1997), s. 17  |x 1210-1982 
787 0 8 |i Rec.:  |a Lovecraft, Howard Phillips  |t Nadprirodzená hrôza v literatúre  |d Pezinok : Formát, 1997 
850 |a Slovenská národná knižnica v Martine  |a MTA001 
852 |a SNK  |b KIS3GCP 
958 |a LX 
958 |a RK 
958 |a RBX 
999 |c 2531709  |d 2533639